<?xml version="1.0" encoding="UTF-8"?>
<collection xmlns="http://www.loc.gov/MARC21/slim">
 <record>
  <leader>01651nam a2200217Ia 4500</leader>
  <controlfield tag="001">CTU_103786</controlfield>
  <controlfield tag="008">210402s9999    xx            000 0 und d</controlfield>
  <datafield tag="020" ind1=" " ind2=" ">
   <subfield code="c">19000</subfield>
  </datafield>
  <datafield tag="082" ind1=" " ind2=" ">
   <subfield code="a">428.24</subfield>
  </datafield>
  <datafield tag="082" ind1=" " ind2=" ">
   <subfield code="b">Th108</subfield>
  </datafield>
  <datafield tag="100" ind1=" " ind2=" ">
   <subfield code="a">Nguyễn, Mạnh Thảo</subfield>
  </datafield>
  <datafield tag="245" ind1=" " ind2="0">
   <subfield code="a">1500 câu trắc nghiệm Anh ngữ</subfield>
  </datafield>
  <datafield tag="245" ind1=" " ind2="0">
   <subfield code="c">Nguyễn Mạnh Thảo</subfield>
  </datafield>
  <datafield tag="260" ind1=" " ind2=" ">
   <subfield code="a">Thành phố Hồ Chí Minh</subfield>
  </datafield>
  <datafield tag="260" ind1=" " ind2=" ">
   <subfield code="b">Nxb Văn Hoá Sài Gòn</subfield>
  </datafield>
  <datafield tag="260" ind1=" " ind2=" ">
   <subfield code="c">2006</subfield>
  </datafield>
  <datafield tag="520" ind1=" " ind2=" ">
   <subfield code="a">1500 Câu Trắc Nghiệm Anh Ngữ - Luyện Thi Tú Tài &amp; Đại Học. Đây là cuốn sách luyện thi trắc nghiệm môn Tiếng Anh hữu ích và cần thiết cho tất cả các thí sinh đang chuẩn bị bước vào kỳ thi Tú tài và Đại học. Nội dung sách được biên soạn sát với chương trình phổ thông, giúp các em ôn tập, củng cố kiến thức để có thể làm quen với hình thức thi mới này một cách đầy tự tin và hoàn thành tốt bài thi. Sách được chia thành năm phần với các hướng dẫn chi tiết. Kiểm tra khả năng hiểu nghĩa từ cách dùng từ. Kiểm tra và đánh giá sự hiểu biết của học viên về ngữ pháp và cấu trúc câu. Kiểm tra khả năng đọc hiểu. Các bài thi mẫu để học viên thực hành luyện tập.</subfield>
  </datafield>
  <datafield tag="650" ind1=" " ind2=" ">
   <subfield code="a">English language</subfield>
  </datafield>
  <datafield tag="650" ind1=" " ind2=" ">
   <subfield code="x">Study and teaching</subfield>
  </datafield>
  <datafield tag="904" ind1=" " ind2=" ">
   <subfield code="i">Minh</subfield>
  </datafield>
  <datafield tag="980" ind1=" " ind2=" ">
   <subfield code="a">Trung tâm Học liệu Trường Đại học Cần Thơ</subfield>
  </datafield>
 </record>
</collection>
